| 000 | 00676nam0a22002531 4500 | ||
|---|---|---|---|
| 001 | RU\NLR\INFOCOMM16\ROSSICA\1000471024 | ||
| 005 | 20250613185450.0 | ||
| 035 | _a(NLR Aleph) 009887792 | ||
| 090 |
_a10504258 _c10504258 |
||
| 100 | _a20030724d1878 |||y0rusy50 ca | ||
| 101 | 0 | _alat | |
| 102 | _aRU | ||
| 105 | _ay ||||000ay | ||
| 200 | 1 |
_aSalsolacearum novarum in Turkestania indigenarum descriptiones _fBunge, A. |
|
| 210 |
_aPetropoli _d1878 |
||
| 215 | _d8° | ||
| 700 | 1 |
_aBunge _bA. _gAlexander _4070 |
|
| 801 | 1 |
_aRU _bInfoComm _c20030724 |
|
| 801 | 0 |
_aRU _bNLR _gPSBO |
|
| 852 |
_aNLR _j12.43.3.261 |
||
| 942 | _cBOOK | ||
| 980 | _aNB | ||
| 980 | _aRossica | ||